La economía española en los próximos veinte años / (Record no. 120740)

MARC details
000 -LEADER
campo de control de longitud fija 00445nam a2200145 4500
001 - NÚMERO DE CONTROL
campo de control 120740
003 - IDENTIFICADOR DE NÚMERO DE CONTROL
campo de control ES-MaACL
007 - CAMPO FIJO DE DESCRIPCIÓN FÍSICA--INFORMACIÓN GENERAL
campo de control de longitud fija t|
008 - DATOS DE LONGITUD FIJA--INFORMACIÓN GENERAL
campo de control de longitud fija 070214s1958 sp r ||||1| spa d
100 1# - ENTRADA PRINCIPAL--NOMBRE DE PERSONA
Nombre de persona Prados Arrarte, Jesús.
9 (RLIN) 93635
245 13 - MENCIÓN DEL TÍTULO
Título La economía española en los próximos veinte años /
Mención de responsabilidad, etc. Jesús Prados Arrarte.
260 ## - PUBLICACIÓN, DISTRIBUCIÓN, ETC.
Lugar de publicación, distribución, etc. Madrid :
Nombre del editor, distribuidor, etc. Sopec,
Fecha de publicación, distribución, etc. 1958.
300 ## - DESCRIPCIÓN FÍSICA
Extensión 268 p. ;
Dimensiones 27 cm +
Material acompañante/anejo 5 gráf. pleg.
852 ## - LOCALIZACIÓN
Ubicación ES-MaACL
Número de control de estantería C-8889
Sublocalización o colección R.43667
Holdings
Estatus retirado Estado de pérdida Estado de daño No para préstamo Biblioteca de origen Biblioteca actual Ubicación en estantería Fecha de adquisición Fuente de adquisición Total de préstamos Signatura topográfica completa Código de barras Visto por última vez Precio de reemplazo Tipo de ítem Koha
        Biblioteca del Ateneo de Madrid Biblioteca del Ateneo de Madrid Sala Palomar 17/01/2008     C-8889 1125848 23/02/2023 23/02/2023 Libro impreso